Biblioteca

El ministerio educativo de la iglesia (Registro nro. 51765)

Detalles MARC
000 -LÍDER
Campo fijo de descripción fija 01250aab a2200193 i 4500
001 - NÚMERO DE CONTROL
Campo de control 768714001
003 - IDENTIFICADOR DEL NÚMERO DE CONTROL
Campo de control CO-MdFUSB
005 - FECHA Y HORA DE LA ULTIMA TRANSACCIÓN
control field 20250730110542.0
008 - ELEMENTOS DE LONGITUD FIJA -- INFORMACIÓN GENERAL
Campo fijo de descripción fija -- Información general 250730t1988 ag ||||| |||| 00| 0 spa d
040 ## - FUENTE DE CATALOGACIÓN
Idioma de catalogación spa
Agencia que realiza la transcripción CO-MdFUSB
100 1# - ASIENTO PRINCIPAL--NOMBRE PERSONAL
Nombre personal Zukowski de Ramírez, Elvira Ester
Término relacionador autor
245 13 - TÍTULO
Título El ministerio educativo de la iglesia
Mención de responsabilidad / Elvira Ester Zukowski de Ramírez
300 ## - DESCRIPCIÓN FÍSICA
Extensión Volumen 7, número 4 (diciembre, 1988), páginas: 26 - 27
520 ## - NOTA DE RESUMEN, ETC.
Nota de sumario, etc. Muchos de los esfuerzos realizados por la educación cristiana apuntan a transmitir fielmente el contenido bíblico para lograr un profundo conocimiento de la verdad revelada por Dios. Aunque este conocimiento de la Palabra de Dios sea uno de los pilares de la vida cristiana, no estaba en los propósitos de Dios como fin en sí mismo al darnos su revelación.<br/>La educación cristiana ha tomado conciencia de que debe no solo instruir en el conocimiento bíblico, sino insistir en la necesidad de que el educando cristiano se comprometa con una conducta coherente con los principios de la Palabra.
650 ## - ASIENTO SECUNDARIO DE MATERIA - TERMINO TEMÁTICO
Subdivisión de forma Educación cristiana
773 0# - ASIENTO DE ITEM FUENTE
Título Iglesia y Misión
Biblionumber 49402
Itemnumber 59672
Parte(s) relacionada(s) / Volumen., número. (mes año), páginas Volumen 7, número 2 (junio, 1988), páginas: 26 -27
Enumeración y primera página páginas: 26
942 ## - TIPO DE MATERIAL (KOHA)
Tipo de Item KOHA Artículos de Revista
945 ## - INFORMACIÓN LOCAL DEL REGISTRO
Catalogador JTF-925

No hay ítems disponibles.

Biblioteca FUSBC | Teléfono: (57+4) 349 88 10 Ext. 141| WhatsApp (+57) 3005338115 
E-mail: biblioteca@unisbc.edu.co | Calle 76 87-14 Robledo Palenque, Medellín, Colombia

Con tecnología Koha